Tip belajar saat akhir (Record no. 107824)

MARC details
000 -LEADER
fixed length control field 00661nam a2200241 i 4500
001 - CONTROL NUMBER
control field C2-0304703
003 - CONTROL NUMBER IDENTIFIER
control field PPAK
005 - DATE AND TIME OF LATEST TRANSACTION
control field 20180728085842.0
008 - FIXED-LENGTH DATA ELEMENTS--GENERAL INFORMATION
fixed length control field 100614s2010 my a|||| ||||| | may d
020 ## - INTERNATIONAL STANDARD BOOK NUMBER
International Standard Book Number 9789675564031
040 ## - CATALOGING SOURCE
Original cataloging agency PPAK
Language of cataloging eng
Transcribing agency PPAK
Description conventions rda
082 04 - DEWEY DECIMAL CLASSIFICATION NUMBER
Classification number 371.30281
Edition number 23
090 00 - LOCALLY ASSIGNED LC-TYPE CALL NUMBER (OCLC); LOCAL CALL NUMBER (RLIN)
Classification number (OCLC) (R) ; Classification number, CALL (RLIN) (NR) 371.30281
Feature heading OSM
Feature heading G
100 0# - MAIN ENTRY--PERSONAL NAME
Personal name Osman Affan,
Relator term author
245 10 - TITLE STATEMENT
Title Tip belajar saat akhir
264 #1 - PRODUCTION, PUBLICATION, DISTRIBUTION, MANUFACTURE, AND COPYRIGHT NOTICE
Place of production, publication, distribution, manufacture Batu Caves, Selangor :
Name of producer, publisher, distributor, manufacturer PTS Millennia ,
Date of production, publication, distribution, manufacture, or copyright notice 2010
300 ## - PHYSICAL DESCRIPTION
Extent 179 pages :
Other physical details illustrations ;
Dimensions 19 cm
336 ## - CONTENT TYPE
Source rdacontent
Content type term text
337 ## - MEDIA TYPE
Source rdamedia
Media type term unmediated
338 ## - CARRIER TYPE
Source rdacarrier
Carrier type term volume
650 10 - SUBJECT ADDED ENTRY--TOPICAL TERM
Topical term or geographic name entry element Study skills
942 ## - ADDED ENTRY ELEMENTS (KOHA)
-- dc
Koha item type Book
Holdings
Withdrawn Not for loan Current library Shelving location Date acquired Total Checkouts Full call number Barcode Date last seen Date last checked out Koha item type Total Renewals
    Perpustakaan Alor Setar Pinjaman Dewasa 15/06/2010 2 371.30281 OSM A01339597 09/08/2025 19/07/2025 Book  
    Perpustakaan Alor Setar Pinjaman Dewasa 15/06/2010 4 371.30281 OSM A01339598 07/12/2022 02/11/2022 Book 1
    Perpustakaan Awam Sungai Petani Pinjaman Dewasa 15/09/2010   371.30281 OSM A01342625 09/05/2018   Book  
    Perpustakaan Baling Pinjaman Dewasa 15/09/2010   371.30281 OSM A01342631 09/05/2018   Book  
    Perpustakaan Baling Pinjaman Dewasa 15/09/2010   371.30281 OSM A01342634 09/05/2018   Book  
    Perpustakaan Bandar Baharu Pinjaman Dewasa 15/09/2010   371.30281 OSM A01342632 09/05/2018   Book  
    Perpustakaan Jitra Pinjaman Dewasa 15/09/2010   371.30281 OSM A01342626 09/05/2018   Book  
    Perpustakaan Kuala Nerang Pinjaman Dewasa 15/09/2010   371.30281 OSM A01342633 09/05/2018   Book  
    Perpustakaan Kulim Pinjaman Dewasa 15/09/2010   371.30281 OSM A01342628 09/05/2018   Book  
    Perpustakaan Langkawi Pinjaman Dewasa 15/09/2010   371.30281 OSM A01342627 09/05/2018   Book  
    Perpustakaan Merbok Pinjaman Dewasa 15/09/2010 1 371.30281 OSM A01342635 07/04/2019 13/03/2019 Book  
Withdrawn   Perpustakaan Pendang Pinjaman Dewasa 15/09/2010   371.30281 OSM A01342636 09/05/2018   Book  
    Perpustakaan Sik Pinjaman Dewasa 15/09/2010 1 371.30281 OSM A01342630 07/02/2024 11/10/2023 Book 1
    Perpustakaan Yan Pinjaman Dewasa 15/09/2010   371.30281 OSM A01342629 09/05/2018   Book  
    PD35, Kg. Sungai Daun, Yan Pinjaman Dewasa 15/09/2010   371.30281 OSM A01342637 09/05/2018   Book